00823nam a22002057a 4500999001900000005001700019010001500036020002600051035001400077037001300091082001800104100002400122245011600146260003700262270010600299300002600405500002400431942003200455952013000487 c160759d16075920190214123526.0 aENG-124795 a9789383635993c195.00 aEN-108327 bDBAD/PUB a354.367095485 aReddy S. Jeevananda aIrrigation and irrigation projects in India:btribunals, disputes and water perspective/cby S.Jeevananda Reddy aHyderabadbBS Publicationsc2016 a4-4-309/316, Giriraj Lane, Sultan BazarbHyderabade500095k040-23445605, 23445688minfo@bspbooks.net axiii,132p.c24cm(pbk) aincludes references 2ddccENh354.367095485mRED 001040708NFICaZLSbZLSd2019-02-09eDBAD/PUBg195.00l0o354.367095485 REDpEN-108327r2019-02-09 00:00:00t1v195.00yEN